| 000 | 00384nam a22001337a 4500 | ||
|---|---|---|---|
| 020 | _a8123913141 | ||
| 082 |
_a660.284 _bNAR/UN |
||
| 100 |
_aNarayanan,C.M _91016 |
||
| 100 |
_aBhattacharya,B.C _91017 |
||
| 245 | _aUnit Operations and Unit Procrsses: Including Computer Programs- Volume -1 | ||
| 260 |
_aNew Delhi _bCBS Publishers and Distributors _c2006 |
||
| 300 | _a907 | ||
| 942 | _cBK | ||
| 999 |
_c14590 _d14590 |
||